00305nam a2200121Ia 4500008004100000041000800041082002000049100001600069245005000085260001600135365001600151700001600167230718s9999 xx 000 0 und d aeng a658.4'0330bCHO aChowdary N. aWorld Class Companies Creating And Sustaining bIcfai Books cRs.b400.00 aChowdary N.